000 01294nam a2200253 i 4500
001 35462
003 ES-MaACL
005 20230906155131.0
007 t|
008 030213s1850 sp ||||1| spa d
080 _a016:33
080 _a338.2(460)"18"
100 1 _aBona y Ureta, Juan Eloy de.
_930051
245 1 0 _aClave de los economistas en el poder y en la oposición
_b: discurso económico-político /
_cescrito por Juan Eloy de Bona y Ureta ; introducción de Salvador Costanzo ; seguido de un catálogo [de todas las obras de Economía y Administración publicadas en España desde el siglo XVI hasta nuestros días] del mismo autor... ; y añadido de una carta y varios apuntes de Manuel de Colmeiro.
260 _aMadrid :
_b[s.n.],
_c1850 (
_fImp. de Francisco García Arias)
300 _aXVI, 1-27, 1-43 p. ;
_c20 cm.
530 _aDisponible en formato digital.
650 4 _aEconomía-
_vBibliografías.
_9149470
651 4 _aEspaña-
_xPolítica económica-
_yS.XIX.
_9147870
700 1 _aCostanzo, Salvador.
_941130
700 1 _aColmeiro, Manuel (
_d1818-1894)
_939768
852 4 _aES-MaACL
_jT-1-F-4
_z- Enc. hol., falto de cub. original
_z- Enc. en un vol. facticio
856 4 _uhttp://bdh-rd.bne.es/viewer.vm?id=0000255790&page=1
_zBiblioteca Digital Hispánica
999 _c35462
_d35462